| 000 | 00693cam a22001697a 4500 | ||
|---|---|---|---|
| 008 | 100627t1981 xxu||||| |||| 00| 0 ara d | ||
| 082 |
_222 _a335.422 _bك و ر |
||
| 100 |
_915247 _aكورتونوف، ف |
||
| 245 |
_aصراع الأفكار فى العالم الحديث / _cف.كورتونوف؛ ترجمة حنا عبود |
||
| 260 |
_aدمشق : _bدار دمشق للطباعة و النشر ، _c1981. |
||
| 300 |
_a292 ص ؛ _c24سم. |
||
| 504 | _aيحتوى على إرجاعات ببليوجرافية | ||
| 541 |
_aعلاء عبد الغنى ؛ _cإهداء ؛ |
||
| 650 |
_913590 _aالشيوعية |
||
| 700 |
_915248 _aعبود، حنا _eمترجم |
||
| 942 |
_2ddc _cBB |
||
| 999 |
_c14226 _d14226 |
||